00785nam a2200181 a 450000100100000000500170001000800410002702000150006804000250008308200170010810000290012524502040015426000820035830000280044050000550046850400410052365000390056400000539220200929151650.0090819s1988 sp a 001 0 spa d a8400068858 aDO-SdBNPbspacBNPHU a910.4bG154i1 aGalera Gómez, Andrés13aLa ilustración española y el conocimiento del nuevo mundo :blas ciencias naturales en la expedición malaspina (1789-1794) :bla labor científica de Antonio Pineda /cAndrés Galera Gómez. aMadrid, España :bConsejo Superior de Investigaciones Científicas,c1988. a277 p. :bil. ;c25 cm. aIncluye tabla de contenido e índice onomástico aIncluye referencias bibliográficas 4aExpedición malaspina (1789-1794)